| 000 | 01300nam0a2200349 4500 | ||
|---|---|---|---|
| 001 | RU\NLR\bibl\1828585 | ||
| 005 | 20260405071623.0 | ||
| 010 |
_a978-5-9533-5765-4 _95000 |
||
| 021 |
_aRU _b2011-78763 _95610 |
||
| 021 |
_aRU _b2011-104947 _97516 |
||
| 035 | _a(NLR Aleph) 001819100 | ||
| 090 |
_a1980126 _c1980126 |
||
| 100 | _a20111102d2011 |||y0rusy50 ca | ||
| 101 | 0 | _arus | |
| 102 | _aRU | ||
| 105 | _ay ||||||||| | ||
| 200 | 1 |
_aЗагадки 11 сентября _eпочему упали башни? _fВячеслав Королев |
|
| 210 |
_aМосква _cВече _cПровинция _d2011 |
||
| 215 |
_a303 с. _d21 |
||
| 225 | 1 | _aВеликие тайны истории | |
| 320 | _aИмен. указ.: с. 290-294 | ||
| 320 | _aБиблиогр.: с. 294-301 | ||
| 606 | 1 |
_aТеррористический акт 11 сентября 2001 _yСоединенные Штаты Америки _92254976 _3RU\NLR\auth\661352383 |
|
| 686 | _aТ3(7США)63-49 | ||
| 686 | _aХ916.8 | ||
| 700 | 1 |
_4070 _7ca _8rus _aКоролев _bВ. И. _cканд. техн. наук _f1941- _gВячеслав Иванович _97581 _3RU\NLR\auth\7724530 |
|
| 801 | 0 |
_aRU _bNLR _c20111102 _gRCR |
|
| 801 | 1 |
_aRU _bNLR _c20111102 |
|
| 942 | _cBOOK | ||
| 980 | _aNB | ||
| 980 | _aNBR | ||